[Event "Reykjavik Open 2017"]
[Site "Reykjavik ISL"]
[Date "2017.04.22"]
[Round "5.63"]
[White "Magnusson,M"]
[Black "Kauch,M"]
[Result "1-0"]
[WhiteElo "1978"]
[BlackElo "2193"]

1.e4 c5 2.Nc3 Nc6 3.g3 g6 4.Bg2 Bg7 5.d3 d6 6.Be3 Rb8 7.Qd2 b5 8.Nf3 b4 9.Nd1
Nd4 10.Nh4 Qa5 11.O-O Nf6 12.f3 h6 13.f4 Ng4 14.h3 Nxe3 15.Nxe3 Bb7 16.a3 Nc6
17.axb4 Qxb4 18.c3 Qb6 19.Nd5 Qd8 20.f5 g5 21.f6 Bxf6 22.Nxf6+ exf6 23.Nf5 Ne7
24.Ne3 Bc8 25.Rxa7 O-O 26.Raa1 Kg7 27.Qf2 Ng8 28.d4 cxd4 29.cxd4 Qb6 30.Nc4
Qb4 31.Rfc1 Bd7 32.e5 fxe5 33.dxe5 dxe5 34.Nxe5 Be8 35.Rf1 Qxb2 36.Qf5 Qd4+
37.Kh1 Rb5 38.Be4 {#r} 1-0

[Event "Reykjavik Open 2017"]
[Site "Reykjavik ISL"]
[Date "2017.04.22"]
[Round "5.64"]
[White "Eiriksson,S"]
[Black "Thorgeirsson,Jon Kristinn"]
[Result "0-1"]
[WhiteElo "1928"]
[BlackElo "2189"]

1.e4 g6 2.Nf3 Bg7 3.d4 d6 4.Nc3 Nf6 5.h3 O-O 6.Be2 Nc6 7.Be3 e5 8.d5 Ne7 9.O-O
Ne8 10.Nd2 f5 11.f4 fxe4 12.fxe5 Nf5 13.Nc4 Nxe3 14.Nxe3 Bxe5 15.Rxf8+ Kxf8
16.Nxe4 Bxb2 17.Rb1 Be5 18.Bg4 Kg8 19.Qf3 b5 20.Rf1 Qe7 21.Be6+ Kg7 22.Qf7+
Qxf7 23.Rxf7+ Kg8 24.Ng4 Bg7 25.Rd7+ Kh8 26.Rd8 Bb7 27.Rd7 h5 28.Ngf2 Bc8
29.Rd8 Bb7 30.Rd7 Bd4 31.Ng5 Nf6 32.Rxc7 Bxd5 33.Nf7+ Kg8 34.Ng5+ Bxe6 35.Nxe6
Bb6 36.Rg7+ Kh8 37.Kf1 Bxf2 38.Rxg6 Ne4 39.Nf4 Bc5 40.Nxh5 Rf8+ 41.Ke1 Re8
42.Kd1 Bb4 {#R} 0-1

[Event "Reykjavik Open 2017"]
[Site "Reykjavik ISL"]
[Date "2017.04.22"]
[Round "5.67"]
[White "Motycakova,M"]
[Black "Kakulidis,Ellen"]
[Result "1-0"]
[WhiteElo "2162"]
[BlackElo "1892"]

1.e4 g6 2.d4 c6 3.Nc3 d5 4.h3 Bg7 5.e5 h5 6.Be3 Bf5 7.f4 Nd7 8.Nf3 Nb6 9.b3 a5
10.a4 Qc7 11.Be2 Nh6 12.Qd2 e6 13.Nh2 Bf8 14.Nd1 Be4 15.O-O Nf5 16.Bf2 Be7
17.Bf3 Bxf3 18.Nxf3 Nd7 19.c4 Bb4 20.Qc2 Nb6 21.Nb2 Be7 22.Nd3 Rc8 23.c5 Nd7
24.b4 axb4 25.Nxb4 b6 26.Rfb1 bxc5 27.Na6 Qa7 28.Nxc5 Bxc5 29.dxc5 O-O 30.Rb4
Rb8 31.Rab1 Qa5 32.Rb7 Rfd8 33.Kh2 Qa6 34.Rxd7 Re8 35.Rxb8 Rxb8 36.Ng5 Rb4
37.Rxf7 Rxa4 38.Qb2 Qa8 39.Rb7 Qa6 40.Rb8+ {#r} 1-0

[Event "Reykjavik Open 2017"]
[Site "Reykjavik ISL"]
[Date "2017.04.22"]
[Round "5.68"]
[White "Heimisson,Hilmir Freyr"]
[Black "Breidfjord,P"]
[Result "1-0"]
[WhiteElo "2152"]
[BlackElo "1866"]

1.d4 e6 2.Nf3 d5 3.c4 Bb4+ 4.Nc3 c5 5.cxd5 Qxd5 6.Bd2 Bxc3 7.Bxc3 c4 8.Nd2 Nf6
9.f3 b5 10.e4 Qg5 11.a4 bxa4 12.Qxa4+ Bd7 13.Qa3 Bb5 14.O-O-O Nbd7 15.Kb1 Nb6
16.h4 Qf4 17.Qc5 Ba4 18.Nxc4 Rc8 19.Nd6+ Kd7 20.Nxc8 Rxc8 21.Qa5 Bxd1 22.Bb5+
Kd8 23.Rxd1 Qc7 24.d5 exd5 25.h5 Ne8 26.Ba6 Rb8 27.Be5 Nd6 28.Bxd6 {#r} 1-0

[Event "Reykjavik Open 2017"]
[Site "Reykjavik ISL"]
[Date "2017.04.22"]
[Round "5.71"]
[White "Yakimenko,Alex"]
[Black "Timmermans,Adri"]
[Result "1-0"]
[WhiteElo "2145"]
[BlackElo "1861"]

1.e4 e5 2.Nf3 Nc6 3.d4 exd4 4.Nxd4 Bc5 5.Nb3 Bb6 6.Nc3 a6 7.Be2 d6 8.Nd5 Ba7
9.O-O Nge7 10.Bg5 Be6 11.Na5 Nxa5 12.Bxe7 Qd7 13.Bh4 Nc6 14.Kh1 O-O 15.Nf4 Ne5
16.Nxe6 Qxe6 17.Bg3 Kh8 18.b3 Nc6 19.f3 Rae8 20.c3 f5 21.Bc4 Qf6 22.exf5 Qxf5
23.Bd3 Qh5 24.Be4 Rd8 25.Qd5 Qxd5 26.Bxd5 Rde8 27.Rfe1 g6 28.h3 Kg7 29.Kh2 h6
30.h4 Be3 31.Rad1 Nd8 32.Kh3 Ba7 33.Rxe8 Rxe8 34.Re1 Rxe1 35.Bxe1 c6 36.Be4 d5
37.Bd3 Ne6 38.Bd2 Bf2 39.g3 d4 40.c4 {#r} 1-0

[Event "Reykjavik Open 2017"]
[Site "Reykjavik ISL"]
[Date "2017.04.22"]
[Round "5.72"]
[White "Fridjonsson,J"]
[Black "Puglia,Francesco"]
[Result "0-1"]
[WhiteElo "2126"]
[BlackElo "1809"]

1.c4 g6 2.g3 Bg7 3.Bg2 Nc6 4.Nc3 e5 5.Nf3 d6 6.d3 f5 7.Rb1 Nf6 8.O-O O-O 9.b4
h6 10.b5 Ne7 11.Bd2 g5 12.e3 f4 13.exf4 gxf4 14.Ne4 Nxe4 15.dxe4 fxg3 16.fxg3
Be6 17.Qc2 b6 18.Rf2 a6 19.a4 Qd7 20.Be3 axb5 21.cxb5 Ra7 22.Bf1 Rfa8 23.Rb4
d5 24.Rd2 d4 25.Bc4 Ng6 26.Rd1 Bf8 27.Qa2 Bxc4 28.Rxc4 Qf7 {#R} 0-1

[Event "Reykjavik Open 2017"]
[Site "Reykjavik ISL"]
[Date "2017.04.22"]
[Round "5.73"]
[White "Doknjas,Joshua"]
[Black "Ulfsson,Olafur Evert"]
[Result "1-0"]
[WhiteElo "2123"]
[BlackElo "1802"]

1.e4 e6 2.d4 d5 3.Nc3 Bb4 4.exd5 exd5 5.Bd3 Nf6 6.Ne2 Bg4 7.O-O O-O 8.a3 Ba5
9.f3 Bh5 10.Bg5 c6 11.Nf4 Bg6 12.Nxg6 hxg6 13.f4 Qb6 14.Ne2 Qxb2 15.Bxf6 gxf6
16.f5 Kg7 17.fxg6 fxg6 18.Rb1 Qxa3 19.Ra1 Qb4 20.c3 Qb6 21.Qa4 Bxc3 22.Nxc3
Rf7 23.Ne2 Nd7 24.Nf4 Nf8 25.Rab1 Qc7 26.Bxg6 Re7 27.Qc2 Ne6 28.Nh5+ Kh8
29.Qd2 Rh7 30.Bxh7 Qxh7 31.Nxf6 Qg6 32.Rxb7 Ng5 33.Qxg5 {#r} 1-0

[Event "Reykjavik Open 2017"]
[Site "Reykjavik ISL"]
[Date "2017.04.22"]
[Round "5.75"]
[White "Ingvason,J"]
[Black "Doknjas,Neil"]
[Result "1-0"]
[WhiteElo "2121"]
[BlackElo "1784"]

1.e4 c5 2.Nf3 d6 3.d4 cxd4 4.Nxd4 Nf6 5.Nc3 a6 6.Be2 e5 7.Nb3 Be7 8.Be3 Be6
9.f3 O-O 10.g4 h5 11.Qd2 hxg4 12.O-O-O b5 13.Rhg1 Nbd7 14.Nd5 Bxd5 15.exd5 Nb6
16.Na5 Nbxd5 17.Nc6 Qc7 18.Nxe7+ Nxe7 19.Bg5 Ned5 20.h3 Rac8 21.Bd3 Qc5
22.hxg4 Nb4 23.Bf5 e4 24.Bxf6 gxf6 25.Bxe4 Qc4 26.a3 Na2+ 27.Kb1 b4 28.Rh1
Rfe8 29.Qh6 Nc3+ 30.bxc3 {#r} 1-0

[Event "Reykjavik Open 2017"]
[Site "Reykjavik ISL"]
[Date "2017.04.22"]
[Round "5.77"]
[White "Fehr,A"]
[Black "Nielsen,Allan"]
[Result "1-0"]
[WhiteElo "2102"]
[BlackElo "1606"]

1.e4 e5 2.Nf3 Nc6 3.Bb5 Nf6 4.d3 Bb4+ 5.c3 Bc5 6.O-O O-O 7.d4 exd4 8.cxd4 Bb6
9.d5 Ne7 10.Nc3 d6 11.h3 c6 12.dxc6 bxc6 13.Ba4 h6 14.Nd4 Bxd4 15.Qxd4 d5
16.Rd1 Bb7 17.Qb4 Qc7 18.Be3 Rfd8 19.Rac1 Ba6 20.Bb3 Nxe4 21.Nxe4 dxe4 22.Qxe4
Rxd1+ 23.Bxd1 Nd5 24.Qxd5 cxd5 {#r} 1-0

[Event "Reykjavik Open 2017"]
[Site "Reykjavik ISL"]
[Date "2017.04.22"]
[Round "5.78"]
[White "Kristjansson,O"]
[Black "Magnusson,Thorsteinn"]
[Result "1-0"]
[WhiteElo "2102"]
[BlackElo "1489"]

1.e4 e6 2.Nf3 d5 3.Nc3 Nf6 4.e5 Nfd7 5.d4 c5 6.dxc5 Bxc5 7.Bd3 Nc6 8.Bf4 b6
9.O-O Nb4 10.Re1 Nxd3 11.cxd3 d4 12.Ne2 O-O 13.Ng3 Rb8 14.Ng5 h6 15.N5e4 Qh4
16.Nh5 Bb7 17.Nhf6+ gxf6 18.Bg3 Qxe4 19.dxe4 Bb4 20.exf6 Kh7 21.Qh5 {#r} 1-0

[Event "Reykjavik Open 2017"]
[Site "Reykjavik ISL"]
[Date "2017.04.22"]
[Round "5.79"]
[White "Vistisen,L"]
[Black "Nielsen,Jon I Horni"]
[Result "1-0"]
[WhiteElo "2097"]
[BlackElo "1454"]

1.e4 e5 2.Nf3 Nc6 3.d4 exd4 4.Nxd4 Nxd4 5.Qxd4 Nf6 6.e5 Qe7 7.Be3 Ng8 8.Nc3
Qb4 9.O-O-O Qxd4 10.Bxd4 f6 11.Nd5 fxe5 12.Nxc7+ Kd8 13.Bxe5 Rb8 14.Ne6+ Ke7
15.Nxf8 Kxf8 16.Bxb8 Nf6 17.Bxa7 d5 18.f3 Kf7 19.Bb5 Be6 20.a4 Rc8 21.g4 g5
22.h4 h6 23.hxg5 hxg5 24.Bd4 Ng8 25.Rh7+ Kg6 26.Bd3+ {#r} 1-0

[Event "Reykjavik Open 2017"]
[Site "Reykjavik ISL"]
[Date "2017.04.22"]
[Round "5.82"]
[White "Pedersen,Soren Sandmann"]
[Black "Yu,Jonathan"]
[Result "0-1"]
[WhiteElo "1794"]
[BlackElo "2073"]

1.d4 e6 2.c4 Nf6 3.Nc3 Bb4 4.e3 O-O 5.a3 Bxc3+ 6.bxc3 d6 7.Bd3 e5 8.Ne2 e4
9.Bc2 b6 10.d5 Ba6 11.Qd4 c5 12.Qd1 Nbd7 13.Ng3 Re8 14.Qe2 Ne5 15.Bb3 Nd3+
16.Kf1 Nxc1 17.Rxc1 Nxd5 18.Ba4 Nf6 19.Bxe8 Qxe8 20.Kg1 d5 21.Nh5 Nxh5 22.Qxh5
Bxc4 23.Qd1 Qb5 24.Rb1 Qa5 25.Qc1 Bd3 26.Ra1 Qa4 27.h4 Rc8 28.h5 h6 29.Qd1 Qa5
30.Qe1 b5 31.g4 f6 32.Kg2 f5 33.Rh4 Qd8 34.Qh1 Qg5 35.Kg3 Be2 36.Rb1 Bxg4
37.f4 exf3 38.Rxb5 Qxe3 39.Rxg4 fxg4 40.Qd1 f2+ 41.Kg2 Rf8 {#R} 0-1

[Event "Reykjavik Open 2017"]
[Site "Reykjavik ISL"]
[Date "2017.04.22"]
[Round "5.84"]
[White "Thorsteinsson,Hilmar"]
[Black "Murray,P"]
[Result "0-1"]
[WhiteElo "1875"]
[BlackElo "2235"]

1.d4 Nf6 2.Bg5 Ne4 3.Bf4 d5 4.Nd2 Bf5 5.f3 Nxd2 6.Qxd2 e6 7.g4 Bg6 8.h4 h5
9.O-O-O Bd6 10.g5 Nc6 11.e3 Bxf4 12.exf4 Qd6 13.Nh3 Bf5 14.Nf2 O-O-O 15.c3 Ne7
16.Bd3 c5 17.b3 Kb8 18.Kb2 Rc8 19.Bxf5 Nxf5 20.dxc5 Qxc5 21.Nd3 Qc7 22.Qe1
Rhd8 23.Qe5 Rd6 24.Rhe1 Ka8 25.Nb4 Qd7 26.Rd3 Nxh4 27.Qxg7 Ng2 28.Rh1 Nxf4
29.Rd4 Ng6 30.Nd3 Qc7 31.Rc1 Rc6 32.c4 h4 33.Nb4 Rd6 34.Rc2 a5 35.cxd5 Qd8
36.Qxf7 axb4 37.Qxg6 Rxc2+ 38.Qxc2 Qh8 {#R} 0-1

[Event "Reykjavik Open 2017"]
[Site "Reykjavik ISL"]
[Date "2017.04.22"]
[Round "5.89"]
[White "Valtysson,T"]
[Black "Johannsson,Birkir Isak"]
[Result "1-0"]
[WhiteElo "1955"]
[BlackElo "1567"]

1.d4 d5 2.Nf3 Nf6 3.Bf4 c5 4.e3 cxd4 5.exd4 Nc6 6.c3 Bf5 7.Nbd2 e6 8.Qb3 Qc8
9.h3 h6 10.Be2 Be7 11.O-O O-O 12.Rac1 b6 13.Qa4 Na5 14.Ne5 Ne4 15.Nb3 Nxb3
16.axb3 a6 17.b4 b5 18.Qb3 Nd6 19.Ra1 Nc4 20.Ra2 Nxe5 21.Bxe5 Qc6 22.Rfa1 Ra7
23.Ra5 Rb7 24.Rxa6 Qd7 25.Qd1 f6 26.Bg3 Rc8 27.Qf1 Bd8 28.Ra8 Rxa8 29.Rxa8 Kh7
30.Rb8 Rxb8 31.Bxb8 Qb7 32.Bg3 Qa6 33.Bxb5 Qa2 34.Qe2 Qb1+ 35.Kh2 Bb6 36.Bd7
Ba7 37.Bxe6 Bxe6 38.Qxe6 Qxb2 39.Qf5+ Kh8 40.Qc8+ Kh7 41.Qc7 {#r} 1-0

[Event "Reykjavik Open 2017"]
[Site "Reykjavik ISL"]
[Date "2017.04.22"]
[Round "5.93"]
[White "Gunnarsson,Helgi Petur"]
[Black "Haraldsson,Haraldur"]
[Result "0-1"]
[WhiteElo "1669"]
[BlackElo "1941"]

1.e4 c5 2.Nf3 d6 3.Bd3 Nc6 4.c3 g6 5.Bc2 Bg7 6.h3 e5 7.O-O Nge7 8.d3 O-O 9.Na3
h6 10.Nc4 f5 11.exf5 gxf5 12.Kh2 Be6 13.Bb3 d5 14.Ne3 Qd6 15.g3 Ng6 16.Ng2
Nce7 17.Qe2 Kh7 18.Bd2 b5 19.Rae1 Bf7 20.Nfh4 Nxh4 21.Nxh4 Bf6 22.Ng2 c4
23.dxc4 bxc4 24.Bc2 e4 25.Rd1 Be5 26.Bf4 Nc6 27.Bxe5 Nxe5 28.f4 exf3 29.Bxf5+
Kh8 30.Rxf3 Nxf3+ 31.Qxf3 Rae8 32.Ne3 Qe5 33.Nxd5 Bg6 34.Ne3 Bxf5 35.Re1 Be4
36.Qg4 Rf2+ {#R} 0-1

[Event "Reykjavik Open 2017"]
[Site "Reykjavik ISL"]
[Date "2017.04.22"]
[Round "5.95"]
[White "Ragnarsson,Heimir Pall"]
[Black "Scheele,Marcus"]
[Result "0-1"]
[WhiteElo "1608"]
[BlackElo "2030"]

1.c4 c6 2.Nf3 Nf6 3.g3 d5 4.b3 Bg4 5.Bg2 Nbd7 6.O-O e6 7.Bb2 Bd6 8.d3 O-O 9.h3
Bxf3 10.Bxf3 Qe7 11.Re1 e5 12.e3 e4 13.dxe4 dxe4 14.Bg2 Ne5 15.Bf1 Nf3+ 16.Kg2
Nxe1+ 17.Qxe1 Rad8 18.Be2 Rfe8 19.Qa5 b6 20.Qf5 Be5 21.Bxe5 Qxe5 22.Qxe5 Rxe5
23.Nc3 Rd2 24.Kf1 Re8 25.Ke1 Red8 26.Rd1 Rxd1+ 27.Bxd1 Kf8 28.Bc2 Re8 29.g4
Re5 30.Ne2 Ke7 31.Nd4 Kd7 32.a4 h5 33.Nf5 hxg4 34.hxg4 Nxg4 35.Nxg7 Rg5 {#R}
0-1

[Event "Reykjavik Open 2017"]
[Site "Reykjavik ISL"]
[Date "2017.04.22"]
[Round "5.96"]
[White "Wecker,Martin"]
[Black "Johannesson,Haki"]
[Result "1-0"]
[WhiteElo "2134"]
[BlackElo "1705"]

1.Nf3 Nc6 2.d4 d5 3.g3 Bf5 4.Bg2 Nb4 5.Na3 h6 6.O-O e6 7.c3 Na6 8.Ne5 c6 9.Qb3
Qb6 10.c4 Qxb3 11.axb3 Nf6 12.f3 Bh7 13.Bd2 Nd7 14.Nxd7 Kxd7 15.e4 Nc7 16.Nb1
Be7 17.Nc3 dxc4 18.bxc4 Bb4 19.Be3 Bxc3 20.bxc3 a6 21.c5 Rhb8 22.Rfb1 g5
23.Rb6 f6 24.h4 Ra7 25.hxg5 hxg5 26.Kf2 Rg8 27.c4 g4 28.f4 f5 29.e5 Bg6 30.Bd2
Rg7 31.Ba5 Kc8 32.Rab1 Rh7 33.R6b2 Bf7 34.Bb6 Ra8 35.Bxc7 Kxc7 36.Rxb7+ {#r}
1-0

[Event "Reykjavik Open 2017"]
[Site "Reykjavik ISL"]
[Date "2017.04.22"]
[Round "5.101"]
[White "Jonsson,Pall G"]
[Black "Finnsson,Johann Arnar"]
[Result "1-0"]
[WhiteElo "1833"]
[BlackElo "1655"]

1.b4 e5 2.Bb2 d6 3.e3 Nf6 4.c4 Nbd7 5.Qc2 g6 6.Nf3 Bg7 7.Nc3 O-O 8.Be2 c6
9.O-O Re8 10.Rac1 Nb6 11.c5 Nbd5 12.a3 Nxc3 13.Qxc3 e4 14.Nd4 d5 15.d3 Ng4
16.dxe4 dxe4 17.h3 Nh6 18.f4 exf3 19.Rxf3 Nf5 20.Bc4 Bxd4 21.exd4 Kg7 22.d5+
f6 23.dxc6 bxc6 24.g4 Nh4 25.Rxf6 Kh6 26.Rcf1 Re4 27.Bc1+ {#r} 1-0

[Event "Reykjavik Open 2017"]
[Site "Reykjavik ISL"]
[Date "2017.04.22"]
[Round "5.104"]
[White "Hart,Alexander"]
[Black "Hrafnsson,Hreinn"]
[Result "1-0"]
[WhiteElo "1806"]
[BlackElo "1621"]

1.d4 Nf6 2.Bg5 d5 3.Bxf6 exf6 4.e3 Be6 5.Nf3 Bd6 6.Nbd2 Nd7 7.c4 dxc4 8.Nxc4
Bxc4 9.Bxc4 Bb4+ 10.Kf1 Nb6 11.Bd3 O-O 12.h4 Re8 13.h5 Bf8 14.Qb1 h6 15.Rh4
Nd5 16.e4 Nb4 17.Bc4 Nc6 18.Qd3 Qe7 19.a3 a6 20.Re1 Rad8 21.Qc3 Qd7 22.e5 b5
23.Ba2 fxe5 24.d5 Nd4 25.Nxe5 Qd6 26.Qxd4 Be7 27.Rhe4 Bf6 28.Qe3 Bg5 29.f4 f5
30.Rd4 Kh7 {#r} 1-0

[Event "Reykjavik Open 2017"]
[Site "Reykjavik ISL"]
[Date "2017.04.22"]
[Round "5.105"]
[White "Eminov,Sinan"]
[Black "Daly,Patrick"]
[Result "1-0"]
[WhiteElo "1537"]
[BlackElo "1804"]

1.d4 d5 2.c4 c6 3.Nc3 Nf6 4.Nf3 Bf5 5.e3 e6 6.Be2 Bd6 7.Nh4 Be4 8.Nxe4 Nxe4
9.Nf3 Nd7 10.O-O O-O 11.Qc2 Rc8 12.c5 Bb8 13.b4 e5 14.Bb2 exd4 15.Bxd4 Ng5
16.Qf5 Nxf3+ 17.gxf3 Re8 18.f4 Nf8 19.Kh1 Qh4 20.Qg4 Qxg4 21.Bxg4 Rcd8 22.Rg1
g6 23.Bf6 d4 24.Bxd8 Rxd8 25.Rad1 f5 26.Bxf5 Kf7 27.Bg4 Ne6 28.Bxe6+ Kxe6
29.Rge1 d3 30.Kg2 Kf5 31.Kf3 g5 32.e4+ Kf6 33.fxg5+ Kxg5 34.Rg1+ Kf6 35.Ke3 d2
36.f4 Bc7 37.Rg2 Rf8 38.Rdxd2 Ke6 39.e5 {#r} 1-0

[Event "Reykjavik Open 2017"]
[Site "Reykjavik ISL"]
[Date "2017.04.22"]
[Round "5.106"]
[White "Muhr,Andreas"]
[Black "Apol,Luitjen Akselsson"]
[Result "1-0"]
[WhiteElo "1801"]
[BlackElo "1561"]

1.e4 c5 2.d4 cxd4 3.c3 dxc3 4.Nxc3 d6 5.Bc4 Nf6 6.e5 Nfd7 7.exd6 exd6 8.Nf3
Be7 9.Nd5 O-O 10.O-O Nf6 11.Nxe7+ Qxe7 12.Bg5 Nc6 13.Re1 Qd8 14.Qd2 Bg4 15.Nd4
d5 16.Be2 Bxe2 17.Rxe2 Rc8 18.Nf5 Kh8 19.Rae1 Rc7 20.Qf4 Rd7 21.Qh4 h5 22.g4
d4 23.gxh5 d3 24.h6 g6 25.Bxf6+ Kh7 26.Bxd8 dxe2 27.Qf6 {#r} 1-0

[Event "Reykjavik Open 2017"]
[Site "Reykjavik ISL"]
[Date "2017.04.22"]
[Round "5.107"]
[White "Njardarson,Daniel Ernir"]
[Black "Axelsson,T"]
[Result "1-0"]
[WhiteElo "1378"]
[BlackElo "1799"]

1.d4 d5 2.c4 c6 3.Nf3 g6 4.Nc3 Bg7 5.Bf4 Nf6 6.h3 O-O 7.e3 Re8 8.Bd3 h6 9.O-O
Be6 10.cxd5 Nxd5 11.Nxd5 cxd5 12.Qb3 Qb6 13.Qxb6 axb6 14.Bc7 Nd7 15.Bb5 Rec8
16.Rfc1 f6 17.a3 Kf7 18.Bxd7 Bxd7 19.Bxb6 Bc6 20.a4 e5 21.a5 e4 22.Nd2 f5
23.g3 g5 24.Nb3 h5 25.Kg2 Bh6 26.Nc5 f4 27.b4 fxe3 28.fxe3 g4 29.hxg4 Bxe3
30.Rf1+ Kg8 31.Ne6 Bd7 32.Nc7 Rxc7 33.Bxc7 Rc8 34.Rac1 Bxg4 35.Rc2 Bxd4 36.b5
Be5 37.b6 d4 38.a6 bxa6 39.b7 d3 40.bxc8=Q+ Bxc8 {#r} 1-0

[Event "Reykjavik Open 2017"]
[Site "Reykjavik ISL"]
[Date "2017.04.22"]
[Round "5.109"]
[White "De Winter,E"]
[Black "Fjallheim,Benjamin Reinert"]
[Result "1-0"]
[WhiteElo "1786"]
[BlackElo "1322"]

1.Nf3 Nf6 2.c4 g6 3.g3 Bg7 4.Bg2 d6 5.d4 O-O 6.Nc3 Re8 7.O-O e6 8.h3 a5 9.e4
e5 10.dxe5 dxe5 11.Qxd8 Rxd8 12.Nxe5 Nxe4 13.Nxf7 Nxc3 14.Nxd8 Ne2+ 15.Kh2
Nxc1 16.Raxc1 Bxb2 17.Rc2 Bf6 18.Nxb7 Bxb7 19.Bxb7 Ra7 20.Bd5+ Kg7 21.Rb1 Na6
22.Re2 Nc5 23.Rb8 Nd3 24.Rd2 Nc5 25.Rg8+ Kh6 26.f4 g5 27.fxg5+ Bxg5 28.Re2 Ra6
29.h4 Bc1 30.g4 Nd3 31.Re7 Bf4+ 32.Kh3 Ne5 33.Rxe5 {#r} 1-0

[Event "Reykjavik Open 2017"]
[Site "Reykjavik ISL"]
[Date "2017.04.22"]
[Round "5.113"]
[White "Ontiveros,John"]
[Black "Petursson,Armann"]
[Result "1-0"]
[WhiteElo "1741"]
[BlackElo "1227"]

1.d4 Nf6 2.c4 c5 3.d5 b5 4.b3 Qa5+ 5.Qd2 b4 6.Bb2 g6 7.a3 Bg7 8.axb4 Qxb4
9.Qxb4 cxb4 10.Nd2 O-O 11.e4 d6 12.Bd3 Nbd7 13.Ne2 Nc5 14.Bc2 a5 15.O-O Bd7
16.f4 Nfxe4 17.Bxg7 Nxd2 18.Bxf8 Nxf1 19.Bxe7 Nd2 20.Bxd6 Ncxb3 21.Ra2 Re8
22.Kf2 Bg4 23.Ng3 h5 24.Be5 h4 25.Ne4 Nxe4+ 26.Bxe4 f6 27.Bxg6 fxe5 28.Bxe8
Nc5 29.Rxa5 Ne4+ 30.Ke3 Nd6 31.Bb5 exf4+ 32.Kxf4 Be2 33.Ke3 Bxc4 34.Ra8+ Kg7
35.Bxc4 Nxc4+ 36.Kf4 b3 37.Rb8 b2 38.Kg5 Kf7 39.Kxh4 Ke7 40.g4 Kd7 41.g5 Kc7
42.Rb3 {#r} 1-0

[Event "Reykjavik Open 2017"]
[Site "Reykjavik ISL"]
[Date "2017.04.22"]
[Round "5.119"]
[White "Kristofersson,Sindri Snaer"]
[Black "Smith,Chris P"]
[Result "0-1"]
[WhiteElo "1197"]
[BlackElo "1504"]

1.d4 Nf6 2.c4 e6 3.Nc3 Bb4 4.Nf3 O-O 5.Bg5 h6 6.Bh4 b6 7.e3 c5 8.a3 Bxc3+
9.bxc3 Bb7 10.Bd3 d6 11.O-O Nbd7 12.Qe2 d5 13.Ne5 Qc7 14.Nxd7 Nxd7 15.Rac1
Rfe8 16.Rfe1 e5 17.Bg3 Qc6 18.dxe5 dxc4 19.f3 cxd3 20.Qxd3 Nxe5 21.Bxe5 Rxe5
22.Rcd1 Rg5 23.Kh1 Qxf3 {#R} 0-1

[Event "Reykjavik Open 2017"]
[Site "Reykjavik ISL"]
[Date "2017.04.22"]
[Round "5.120"]
[White "Steinthorsson,Birgir Logi"]
[Black "Briem,Benedikt"]
[Result "0-1"]
[WhiteElo "1040"]
[BlackElo "1446"]

1.e4 d5 2.exd5 Qxd5 3.Nc3 Qd6 4.Bb5+ c6 5.Bc4 Nf6 6.Nf3 Bg4 7.h3 Bh5 8.O-O e6
9.Be2 Nbd7 10.Ng5 Bxe2 11.Qxe2 Be7 12.Nge4 Qc7 13.d3 h6 14.Qf3 e5 15.Nxf6+
Nxf6 16.Ne4 Nxe4 17.Qxe4 O-O 18.Qg4 f5 19.Qg6 Rf6 20.Qg3 Bd6 21.f4 exf4
22.Bxf4 Bxf4 23.Rxf4 g5 24.Rg4 Qb6+ 25.d4 fxg4 26.Qe5 Raf8 27.hxg4 Qxb2 28.Re1
Qxc2 29.d5 Qc5+ 30.Re3 Qxd5 31.Qxd5+ cxd5 {#R} 0-1

[Event "18th ch-EUR Indiv w 2017"]
[Site "Riga LAT"]
[Date "2017.04.22"]
[Round "11.49"]
[White "Worek,J"]
[Black "Paramzina,A"]
[Result "0-1"]
[WhiteElo "2330"]
[BlackElo "2202"]

1.e4 c5 2.Nf3 d6 3.d4 cxd4 4.Nxd4 Nf6 5.Nc3 a6 6.h3 Nc6 7.g4 Qb6 8.Nb3 e6
9.Be3 Qc7 10.g5 Nd7 11.h4 b5 12.a3 Bb7 13.f4 Nc5 14.Nd2 g6 15.Bg2 Bg7 16.Qf3
b4 17.axb4 Nxb4 18.Rc1 d5 19.exd5 exd5 {#R} 0-1

[Event "18th ch-EUR Indiv w 2017"]
[Site "Riga LAT"]
[Date "2017.04.22"]
[Round "11.52"]
[White "Krumina,L"]
[Black "Stetsko,L"]
[Result "0-1"]
[WhiteElo "2090"]
[BlackElo "2226"]

1.d4 Nf6 2.c4 e6 3.Nc3 Bb4 4.f3 d5 5.a3 Bxc3+ 6.bxc3 c5 7.e3 O-O 8.cxd5 exd5
9.Bd3 b6 10.Ne2 Ba6 11.Bb1 Nc6 {#R} 0-1

[Event "18th ch-EUR Indiv w 2017"]
[Site "Riga LAT"]
[Date "2017.04.22"]
[Round "11.53"]
[White "Beydullayeva,Govhar"]
[Black "Lickrastina,Agnese"]
[Result "1-0"]
[WhiteElo "2054"]
[BlackElo "2223"]

1.c4 e6 2.g3 Nf6 3.Bg2 d5 4.Nf3 Be7 5.O-O O-O 6.d4 dxc4 7.Qc2 a6 8.Qxc4 b5
9.Qc2 Bb7 10.Rd1 Nbd7 {#r} 1-0

[Event "ch-RUS Junior 2017"]
[Site "Loo RUS"]
[Date "2017.04.22"]
[Round "3.1"]
[White "Esipenko,Andrey"]
[Black "Sarana,A"]
[Result "1-0"]
[WhiteElo "2492"]
[BlackElo "2464"]
[EventType "tourn"]

1.d4 Nf6 2.c4 e6 3.Nf3 d5 4.Nc3 Nbd7 5.Bf4 dxc4 6.e3 Nb6 7.Bxc4 Nxc4 8.Qa4+ c6
9.Qxc4 Nd5 10.O-O Nxf4 11.exf4 Be7 12.Rfe1 O-O 13.Rad1 Qd6 14.Ne5 f6 15.Nd3 b5
16.Qc5 Qd7 17.Qh5 Qxd4 18.f5 b4 19.Na4 Rb8 20.Ndc5 Qf4 21.Nd7 Bxd7 22.Rxd7
Rbe8 23.fxe6 f5 24.b3 a5 25.Qd1 Qg4 26.Rc7 Qxd1 27.Rxd1 Rd8 28.Rxd8 Rxd8
29.Kf1 Kf8 30.Rxc6 Bf6 31.Ke2 Ke7 32.Nb6 Be5 33.Nc4 Bxh2 34.g3 f4 35.g4 f3+
36.Kxf3 Rd4 37.Nxa5 Rd2 38.Nc4 Rxa2 39.Ne3 Ra5 40.Nf5+ Kf6 41.e7+ Kf7 42.Re6
Ra8 43.Nxg7 {#r} 1-0

[Event "ch-RUS Junior Girls 2017"]
[Site "Loo RUS"]
[Date "2017.04.22"]
[Round "3.3"]
[White "Bykova,Anastasia"]
[Black "Maltsevskaya,Aleksandra"]
[Result "0-1"]
[WhiteElo "2241"]
[BlackElo "2238"]
[EventType "tourn"]

1.d4 Nf6 2.Nf3 g6 3.g3 Bg7 4.Bg2 O-O 5.O-O d6 6.c4 Nbd7 7.Nc3 e5 8.e4 exd4
9.Nxd4 Re8 10.b3 Nc5 11.Re1 Ng4 12.f3 Ne5 13.Be3 a5 14.Qc2 a4 15.Rad1 Bd7
16.h3 Qc8 17.f4 Nc6 18.Nxc6 Bxc6 19.e5 axb3 20.axb3 Na6 21.Bd4 Nb4 22.Qf2 Bxg2
23.Qxg2 c5 24.Bf2 dxe5 25.Nb5 exf4 26.Rxe8+ Qxe8 27.Qxb7 fxg3 28.Bxc5 Bf8
29.Nd6 Bxd6 30.Bxd6 Qe3+ 31.Kh1 Rd8 32.Rf1 Qe6 33.Bxg3 Qxh3+ 34.Kg1 Qxg3+
35.Kh1 Qh4+ 36.Kg1 Qg4+ 37.Kh1 Qh5+ 38.Kg1 Qc5+ 39.Kh1 Qc6+ 40.Qxc6 Nxc6 {#R}
0-1

[Event "ch-RUS Junior Girls 2017"]
[Site "Loo RUS"]
[Date "2017.04.22"]
[Round "3.4"]
[White "Dimitrova,Aleksandra"]
[Black "Khokhlova,Daria"]
[Result "0-1"]
[WhiteElo "2246"]
[BlackElo "2175"]
[EventType "tourn"]

1.e4 c5 2.Nf3 g6 3.d4 cxd4 4.Qxd4 Nf6 5.Nc3 Nc6 6.Qa4 d6 7.e5 Ng4 8.Bb5 Bg7
9.exd6 Qxd6 10.Ne4 Qc7 11.Bf4 e5 12.Bd2 O-O 13.h3 Nf6 14.Nxf6+ Bxf6 15.O-O Bf5
16.Bc3 Bg7 17.Rfe1 f6 18.Bc4+ Kh8 19.Qb3 Rfd8 20.Be6 Bxe6 21.Qxe6 Qd7 22.Qc4
Rac8 23.Qe2 Ne7 24.Red1 Nd5 25.Ba5 b6 26.c4 Nf4 27.Qe4 Qc7 28.Bc3 Kg8 29.b3 b5
30.Nd2 f5 31.Qe1 b4 32.Bxb4 Nd3 {#R} 0-1

[Event "81st ch-BUL 2017"]
[Site "Montana BUL"]
[Date "2017.04.22"]
[Round "2.4"]
[White "Yordanov,Lachezar"]
[Black "Stefanov,Emil"]
[Result "0-1"]
[WhiteElo "2243"]
[BlackElo "2475"]

1.d4 g6 2.c4 Bg7 3.Nc3 d6 4.e4 Nd7 5.Be2 e5 6.d5 Ne7 7.g4 O-O 8.h4 f5 9.f3 Nf6
10.Be3 c6 11.h5 f4 12.Bf2 gxh5 13.g5 Ne8 14.c5 cxd5 15.Nxd5 Be6 16.Bc4 Nxd5
17.Bxd5 Qa5+ 18.Kf1 Qa6+ 19.Ne2 dxc5 20.Bxc5 Rf7 21.Rxh5 Nc7 22.Kg2 Bxd5
23.exd5 Qg6 24.Rh3 e4 25.Nc3 e3 26.Kh2 Rd8 27.Qa4 Bxc3 28.bxc3 Rxd5 29.Bd4
Rxg5 30.Kh1 Rh5 31.Rxh5 Qxh5+ 32.Kg2 Qg5+ 33.Kf1 Qg3 34.Ke2 Qf2+ 35.Kd3 Qd2+
36.Ke4 Re7+ 37.Kf5 Qd3+ 38.Kxf4 Rf7+ 39.Kg3 Qg6+ 40.Kh2 Qh5+ 41.Kg1 Qg5+
42.Kh2 Qh4+ 43.Kg1 Rg7+ {#R} 0-1